• AIU
  • Tony Wilmot Memorial Library

Predicate Conjoining in Hadiyya. (Record no. 41538)

MARC details
000 -LEADER
fixed length control field 00563nam a22001931a 4500
005 - DATE AND TIME OF LATEST TRANSACTION
control field 20110718133541.0
008 - FIXED-LENGTH DATA ELEMENTS--GENERAL INFORMATION
fixed length control field 091005s1989 001 0 eng d
020 ## - INTERNATIONAL STANDARD BOOK NUMBER
Terms of availability 0.00
040 ## - CATALOGING SOURCE
Original cataloging agency NEGST Library - Kenya
050 #4 - LIBRARY OF CONGRESS CALL NUMBER
Classification number PJ 3081.S56 1989
082 0# - DEWEY DECIMAL CLASSIFICATION NUMBER
Classification number PJ 3081.S56 1989
100 1# - MAIN ENTRY--PERSONAL NAME
Personal name Sim Ronald J.
245 10 - TITLE STATEMENT
Title Predicate Conjoining in Hadiyya.
260 ## - PUBLICATION, DISTRIBUTION, ETC. (IMPRINT)
Name of publisher, distributor, etc Edinburgh,
Date of publication, distribution, etc 1989.
300 ## - PHYSICAL DESCRIPTION
Extent vi, 492p.
500 ## - GENERAL NOTE
General note Includes bibliographical references.
600 10 - SUBJECT ADDED ENTRY--PERSONAL NAME
Personal name Hadiyya Language- Grammar.
852 ## - LOCATION/CALL NUMBER
-- 10.00
Holdings
Withdrawn status Lost status Source of classification or shelving scheme Damaged status Not for loan Collection code Home library Current library Shelving location Date acquired Cost, normal purchase price Full call number Barcode Date last seen Copy number Price effective from Koha item type
    Library of Congress Classification     Reference AIU/NEGST - Tony Wilmot Memorial Library AIU/NEGST - Tony Wilmot Memorial Library Reference 10/05/2009 10.00 REF PJ 3081.S56 1989 R109053232 07/09/2014 1 10/05/2009 Africana collection ( Reference)